| 000 | 00375nam a2200133Ia 4500 | ||
|---|---|---|---|
| 008 | 230917s9999||||xx |||||||||||||| ||und|| | ||
| 040 |
_e93371 _aMAIN |
||
| 041 | _aEnglish | ||
| 082 | _a617 S77R | ||
| 100 | _aSuresh Kumar | ||
| 245 | 0 | _aRole of intrasseous venography to detect the incidence of deep vein thrombosis in bed-ridden patients | |
| 300 | _a73 p. | ||
| 942 | _cTH | ||
| 999 |
_c222604 _d222604 |
||